中部の市 - Statistics

General Stats
  • This quiz has been taken 1,230 times
  • The average score is 117 of 164
Answer Stats
都道府県 人口 面積(km²) % Correct
新潟県 新潟市 789,275 726.27
99%
新潟県 長岡市 266,936 891.06
94%
新潟県 上越市 188,047 973.89
94%
富山県 富山市 413,938 1241.7
94%
石川県 金沢市 463,254 468.79
94%
長野県 長野市 372,760 834.81
93%
福井県 福井市 262,328 536.41
92%
山梨県 甲府市 189,591 212.47
92%
長野県 松本市 241,145 978.47
92%
岐阜県 岐阜市 402,557 203.6
91%
静岡県 静岡市 693,389 1411.83
91%
静岡県 浜松市 790,718 1558.06
91%
愛知県 名古屋市 2,332,176 326.5
91%
新潟県 燕市 77,201 110.94
90%
静岡県 富士市 245,392 244.95
90%
愛知県 豊橋市 371,920 261.91
90%
新潟県 三条市 94,642 431.97
89%
愛知県 豊田市 422,330 918.32
89%
富山県 高岡市 166,393 209.57
88%
福井県 敦賀市 64,264 251.41
88%
岐阜県 高山市 84,419 2177.61
88%
富山県 黒部市 39,638 426.31
87%
岐阜県 大垣市 158,286 206.57
87%
愛知県 岡崎市 384,654 387.2
87%
新潟県 糸魚川市 40,765 746.24
86%
石川県 小松市 106,216 371.05
86%
静岡県 沼津市 189,386 186.96
86%
愛知県 一宮市 380,073 113.82
86%
福井県 越前市 80,611 230.7
85%
山梨県 南アルプス市 69,459 264.14
85%
静岡県 熱海市 34,208 61.77
85%
静岡県 三島市 107,783 62.02
85%
石川県 輪島市 24,608 426.32
84%
福井県 鯖江市 68,302 84.59
84%
長野県 上田市 154,055 552.04
84%
静岡県 掛川市 114,954 265.69
84%
新潟県 魚沼市 34,483 946.76
83%
山梨県 山梨市 33,435 289.8
83%
長野県 飯田市 98,164 658.66
83%
富山県 砺波市 48,154 127.03
82%
石川県 加賀市 63,220 305.87
82%
岐阜県 各務原市 144,521 87.81
82%
新潟県 村上市 57,418 1174.17
81%
新潟県 南魚沼市 54,851 584.55
81%
石川県 七尾市 50,300 318.29
81%
石川県 白山市 110,408 754.93
81%
山梨県 大月市 22,512 280.25
81%
長野県 諏訪市 48,729 109.17
81%
富山県 氷見市 43,950 230.54
80%
石川県 珠洲市 12,929 247.2
80%
静岡県 富士宮市 128,105 389.08
80%
静岡県 焼津市 136,845 70.31
80%
静岡県 伊豆市 28,190 363.97
80%
静岡県 伊豆の国市 46,804 94.62
80%
愛知県 豊川市 184,661 161.14
80%
愛知県 北名古屋市 86,385 18.37
80%
富山県 南砺市 47,937 668.64
79%
山梨県 富士吉田市 46,530 121.74
79%
愛知県 春日井市 308,681 92.78
79%
新潟県 新発田市 94,927 533.11
78%
山梨県 甲斐市 75,313 71.95
78%
岐阜県 飛騨市 22,538 792.53
78%
静岡県 磐田市 166,672 163.45
78%
愛知県 安城市 187,990 86.05
78%
愛知県 犬山市 73,090 74.9
78%
長野県 佐久市 98,199 423.51
77%
岐阜県 多治見市 106,732 91.25
77%
岐阜県 関市 85,283 472.33
77%
静岡県 下田市 20,183 104.38
77%
岐阜県 中津川市 76,570 676.45
76%
新潟県 柏崎市 81,526 442.03
75%
福井県 小浜市 28,991 233.11
75%
福井県 あわら市 27,524 116.98
75%
岐阜県 下呂市 30,428 851.21
75%
静岡県 湖西市 57,885 86.56
75%
愛知県 蒲郡市 79,538 56.96
75%
新潟県 妙高市 30,383 445.63
74%
静岡県 御殿場市 86,614 194.9
74%
愛知県 小牧市 148,831 62.81
74%
富山県 魚津市 40,535 200.61
73%
静岡県 伊東市 65,491 124.02
73%
静岡県 島田市 95,719 315.7
73%
愛知県 常滑市 58,710 55.9
73%
新潟県 佐渡市 51,492 855.68
72%
愛知県 刈谷市 153,834 50.39
72%
愛知県 知多市 84,364 45.9
71%
福井県 大野市 31,286 872.43
70%
長野県 塩尻市 67,241 289.98
70%
静岡県 御前崎市 31,103 65.56
70%
富山県 射水市 90,742 109.44
69%
長野県 飯山市 19,539 202.43
69%
静岡県 藤枝市 141,342 194.06
69%
石川県 野々市市 57,238 13.56
68%
山梨県 甲州市 29,237 264.11
68%
長野県 安曇野市 94,222 331.78
68%
長野県 岡谷市 47,790 85.1
67%
長野県 伊那市 66,125 667.93
67%
静岡県 袋井市 87,864 108.33
67%
岐阜県 羽島市 65,649 53.66
66%
岐阜県 可児市 99,968 87.57
66%
愛知県 新城市 44,355 499.23
66%
福井県 坂井市 88,481 209.67
65%
山梨県 上野原市 22,669 170.57
65%
愛知県 瀬戸市 127,792 111.4
65%
愛知県 半田市 117,884 47.42
65%
愛知県 弥富市 43,025 49.11
65%
愛知県 長久手市 60,162 21.55
65%
山梨県 北杜市 44,053 602.48
64%
長野県 茅野市 56,400 266.59
64%
岐阜県 美濃市 19,247 117.01
64%
岐阜県 美濃加茂市 56,689 74.81
64%
静岡県 菊川市 47,789 94.19
64%
静岡県 牧之原市 43,502 111.69
64%
愛知県 西尾市 169,046 161.22
64%
愛知県 大府市 93,123 33.66
64%
愛知県 田原市 59,360 191.11
64%
石川県 羽咋市 20,407 81.85
63%
福井県 勝山市 22,150 253.88
63%
山梨県 韮崎市 29,067 143.69
63%
山梨県 中央市 31,216 31.69
63%
岐阜県 郡上市 38,997 1030.75
63%
愛知県 あま市 86,126 27.49
63%
新潟県 十日町市 49,820 590.39
62%
岐阜県 恵那市 47,774 504.24
62%
愛知県 東海市 113,787 43.43
62%
愛知県 知立市 72,193 16.31
62%
新潟県 小千谷市 34,096 155.19
61%
富山県 滑川市 32,349 54.62
61%
富山県 小矢部市 28,983 134.07
61%
石川県 かほく市 34,889 64.44
61%
山梨県 笛吹市 66,947 201.92
60%
長野県 大町市 26,029 565.15
60%
愛知県 碧南市 72,458 36.68
60%
新潟県 胎内市 28,509 264.89
59%
長野県 小諸市 40,991 98.55
59%
静岡県 裾野市 50,911 138.12
59%
愛知県 稲沢市 134,751 79.35
59%
長野県 千曲市 58,852 119.79
58%
岐阜県 土岐市 55,348 116.02
58%
山梨県 都留市 31,016 161.63
57%
長野県 中野市 42,338 112.18
57%
愛知県 日進市 91,520 34.91
57%
愛知県 豊明市 69,295 23.22
56%
愛知県 清須市 67,352 17.35
56%
新潟県 阿賀野市 40,696 192.74
55%
長野県 駒ヶ根市 32,202 165.86
55%
愛知県 尾張旭市 83,144 21.03
55%
岐阜県 瑞浪市 37,150 174.86
54%
新潟県 加茂市 25,441 133.72
52%
愛知県 岩倉市 47,983 10.47
52%
愛知県 愛西市 60,829 66.68
52%
新潟県 見附市 39,237 77.91
51%
新潟県 五泉市 47,625 351.91
51%
岐阜県 海津市 32,735 112.03
51%
愛知県 江南市 98,255 30.2
50%
愛知県 みよし市 61,952 32.19
50%
石川県 能美市 48,523 84.14
48%
愛知県 津島市 60,942 25.09
48%
長野県 東御市 30,122 112.37
46%
岐阜県 本巣市 32,928 374.65
45%
長野県 須坂市 49,559 149.67
43%
岐阜県 山県市 25,280 221.98
43%
岐阜県 瑞穂市 56,388 28.19
39%
愛知県 高浜市 46,106 13.11
37%
No matching quizzes found
Score Distribution
Percent of People with Each Score
Percentile by Number Answered
Your Score History
You have not taken this quiz